La nourriture italienne - Statistiques

Statistiques générales
  • Ce quiz a été pris 1 300 fois
  • Le résultat moyen est 8 sur 16
Statistiques - réponses
Par images Hint Réponse % Correct
Tiramisu
99%
Lasagnes
80%
Mozzarella
80%
Parmesan
77%
Pesto
77%
Gnocchi
71%
Risotto
60%
Panna cotta
59%
Limoncello
51%
Nom du café Expresso
39%
Focaccia
38%
Tomates mozzarella
36%
Cannellonis
31%
Pâtes a la carbonara
18%
Pâtes bolognaises
17%
Osso buco
8%
Aucun quiz correspondant
Distribution des résultats
% des personnes avec chaque résultat
Percentile par nombre de réponses
Votre historique - résultats
Vous n’avez pas pris ce quiz